000 00619nam a2200217Ia 4500
005 20250508164145.0
008 008 250505s9999 xx 000 0 eng d
020 _a0-7456-1709-3
037 _aTextBook
040 _aFEDL
_beng
_cFEDL
041 _aeng
_2eng
084 _a370.19, MOO
_qFEDL
100 _aMoore Rob
245 0 _aEducation and society : Issues and explanations in the sociology of education
260 _aCambridge
_bPolity Press
_c2004
300 _a196p
365 _aGBP
_b15.99
650 _aEducation - Sociology
942 _cTB
_h370.19, MOO
999 _c1387359
_d1387359